000 01975cam a22005774i 4500
003 PE-LiUPU
005 20250731180145.0
008 150706s r 000 0 d
020 _a9587015711
035 _a(Sirsi) i9789587015713
040 _aPE-LiUPU
_bspa
_cPE-LiUPU
_erda
049 _aPRUA
082 0 4 _a579.7
_bP7
_221
245 0 1 _aPotencial biotecnológico de microorganismos en ecosistemas naturales y agroecosistemas /
_ceditora Jimena Sánchez Nieves.
264 1 _aBogota :
_bFacultad de Ciencias. Univeresidad Nacional de Colombia,
_c2007.
300 _a433 páginas ;
_c25 cm.
336 _atext
_2rdacontent
337 _aunmediated
_2rdamedia
338 _avolume
_2rdacarrier
505 0 _a Ecosistemas acuáticos.-Otros ecosistemas -- Papel de los microorganismos en los ecosistemas -- Aplicaciones biotecnologías de los microorganismos.
526 _aSEG44
526 _aSEG26
526 _aP159
526 _aP155
526 _aP154
526 _aP153
526 _aP150
526 _aP100
526 _aP31
526 _aP30
526 _aP26
526 _aP25
526 _aP24
526 _aP22
526 _aP15
526 _aP10
541 _g030-0010752;
650 0 4 _aEcología microbiana.
650 0 4 _aBioremediación.
650 0 4 _aEcosistemas acuáticos.
650 0 4 _aBiofertilizantes.
650 0 4 _aMicrobiología de suelos.
650 0 4 _aAgroecosistemas.
700 1 _aSánchez Nieves,
_eed.
910 _agl20111012
942 _2ddc
_cBOOK
949 _a579.7 P7
_wDEWEY
_c1
_i63842
_lCCODEBUL1
_mBUL
_p20.00
_r0
_sY
_tBOOK
_u2015-7-6
_xINGENIERIA
_PP24
_o.STAFF. Colección General
994 _aC0
_bPEPRU
596 _a1
999 _a579.7 P7
_wDEWEY
_c52720
_i63842
_d52720
_e2016-5-3
_f2021-11-9
_g7
_lCCODEBUL1
_mBUL
_n1
_p20.00
_r0
_sY
_tBOOK
_u2015-7-6
_xINGENIERIA
_PP24
_0COMPRA
_o.STAFF. Colección General
980 _81
_gALBERTO SANCHEZ Responsable de Automatización